Statistics for 4 to 13 letters quiz # R

Click here to take the quiz!

General Stats

  • This quiz has been taken 37 times
  • The average score is 7 of 10

Answer Stats

HintAnswer# of Letters% Correct
World's largest countryRussia6
100%
Smallest state in United States (two words)Rhode Island11
94%
First city to reach 1,000,000 populationRome4
94%
River that stretches from Netherlands to SwitzerlandRhine5
91%
Brazilian city meaning 'river of January' (three words)Rio de Janeiro12
89%
Capital city of European island nationReykjavík9
74%
Virginia's capital cityRichmond8
69%
North Carolina's capital cityRaleigh7
54%
Great Plains river with a political nameRepublican10
29%
Archipelago of volcanic islands located in Pacific OceanRevillagigedo13
3%

Score Distribution

Percentile by Number Answered

Percent of People with Each Score

Your Score History

You have not taken this quiz